000 01017nam a22003017a 4500
001 5178
003 FISKH
005 20250131093623.0
008 241118b cb ||||| |||| 00| 0 eng d
020 _a9780516245003
040 _aFISKH
_beng
_cFISKH
_dFISKH
050 _aPZ7.E194
082 _a516
100 _aEberts, Marjorie
_d(1933-)
245 _aPancakes, crackers, and pizza /
_cA Book about shapes By Marjorie Eberts and Margaret Gisler ; Illustrations by Stephen Hayes ; Prepared under the direction of Robert Hillerich, Ph. D.
250 _aFirst printing in 2002.
260 _aNew York :
_bScholastic,
_c2002.
300 _a31 pages :
_bcolor illustrations ;
_c18 cm
505 _aE
520 _aThe things that Eddie loves to eat all come in different shapes. Includes a word list.
521 8 _a190L
_bLexile
521 8 _aE
_bRaz-Plus
650 _2Easy reader
_aMath
650 _2Food
_aFiction
700 _aHayes, Stephen
_dIllustrator
942 _2ddc
_cBK
_n0
999 _c5178
_d5178